000 00714nam a22002537a 4500
001 BR9503970
003 BR-BrBNA
005 20230928094451.0
007 ta
008 230509b bl.||||| |||| 00| 0 por d
040 _aBR-BrBNA
_bpor
_cBiblioteca Nacional de Agricultura
041 _a(Por)
072 _aK10; K50
090 _ K10 BR9503970
110 1 _aSociedade Brasileira de Silvicultura, Sao Paulo, SP (Brasil)
_99794
245 1 _aA sociedade brasileira e seu patrimonio florestal
260 3 _aSao Paulo, SP (Brasil):
_c1990.
300 _a20 p.
650 _aFloresta
650 _aProducao Florestal
650 _aIndustria Florestal
909 _a202309
_bLucia
_c55
_dLucia Elande
942 _cBK
999 _c50880
_d50880